| 000 | 00000nam##2200000za#4500 |
| 001 | 9.581567 |
| 003 | CaOODSP |
| 005 | 20210624191558 |
| 007 | cr ||||||||||| |
| 008 | 150406|2015||||xxc|||||o f|0| 0 eng|d |
| 040 | |aCaOODSP|beng |
| 043 | |an-cn--- |
| 086 | 1 |aRv55-5/22-1-1-2015E-PDF |
| 110 | 2 |aCanada Border Services Agency. |
| 245 | 10|aAdministrative monetary penalty system |h[electronic resource] |
| 260 | |aOttawa - Ontario : |bCanada Border Services Agency |
| 300 | |a7p. |
| 490 | 1 |aCustoms D memoranda. D22, Administrative monetary penalty system |vD22-1-1, January 30, 2015 |
| 500 | |aSuperseded Memorandum D : D22-1-1 dated June 22, 2010 |
| 590 | |a15-11|b2015-03-13 |
| 690 | 07|aTariffs|2gcpds |
| 775 | 08|tRégime de sanctions administratives pécuniaires |w(CaOODSP)9.608343 |
| 830 | #0|aCustoms D memoranda. D22, Administrative monetary penalty system ;|vD22-1-1, January 30, 2015|w(CaOODSP)9.816825 |
| 856 | 40|ahttp://publications.gc.ca|qPDF|s96 KB|uhttps://publications.gc.ca/collections/collection_2015/asfc-cbsa/Rv55-5-22-1-1-2015-eng.pdf|yD22-1-1, January 30, 2015 |